| 000 | 01023nam a2200253Ia 4500 | ||
|---|---|---|---|
| 003 | OSt | ||
| 005 | 20210112121900.0 | ||
| 008 | 191128s2010 ck a br 000 j spa d | ||
| 020 | _a9789588787046 | ||
| 040 |
_aCO-JMCR _cCO-JMCR |
||
| 041 | 0 | _aspa | |
| 082 | 0 | 4 |
_aC / _2BERa |
| 100 | 1 |
_aBergua, Ana, _eautor _91197 |
|
| 245 | 1 | 0 |
_aLa abuela necesita besitos / _ctexto, Ana Bergua ; ilustraciones Carmen Sala |
| 250 | _aPrimera edición | ||
| 260 |
_aBogotá : _bProteus, _c2010 |
||
| 300 |
_a[35] páginas : _bilustraciones a color ; _c21 cm. |
||
| 490 | 0 | _aPrimera Infancia del Ministerio de Cultura. Leer es mi cuento | |
| 520 | _aTodos sabemos que los besitos de mamá curan… Pero, ¿qué pasa cuando son los abuelos quienes necesitan esos besitos? Ana Bergua y Carme Sala nos explican en este libro que hay besitos milagrosos. | ||
| 521 |
_aRecomendado de 4 a 6 años _bTapa posterior |
||
| 650 | 1 | 4 |
_aAbuelos en la literatura _91199 _xcuento |
| 700 | 1 |
_aSala, Carmen, _eilustradora _91202 |
|
| 942 |
_2ddc _cBK |
||
| 999 |
_c3335 _d3335 |
||